China-Pak's balochistan policy devastating impact / (Record no. 212297)

MARC details
000 -LEADER
fixed length control field 00598nam a22001817a 4500
005 - DATE AND TIME OF LATEST TRANSACTION
control field 20250709165228.0
010 ## - LCCN (DPL NO)
LC control number ENG-145905
020 ## - INTERNATIONAL STANDARD BOOK NUMBER
International Standard Book Number 9789394912007
Terms of availability 995.00
035 ## - SYSTEM CONTROL NUMBER
System control number EN-129437
037 ## - SOURCE OF ACQUISITION
Source of stock number/acquisition DBAD
082 ## - DEWEY DECIMAL CLASSIFICATION NUMBER
Classification number 327.5105491
245 ## - TITLE STATEMENT
Title China-Pak's balochistan policy devastating impact /
Statement of responsibility, etc edited by Sunjoy K. Singh
260 ## - PUBLICATION, DISTRIBUTION, ETC. (IMPRINT)
Place of publication, distribution, etc New Delhi
Name of publisher, distributor, etc Ishwari Publishers
Date of publication, distribution, etc 2022
270 ## - ADDRESS
Address 204-205, 2nd Floor, Durga Complex, CSC, Mayur Vihar-II,
City New Delhi
Postal code 110092
300 ## - PHYSICAL DESCRIPTION
Extent 272p
Dimensions 22cm.(Hb)
700 ## - ADDED ENTRY--PERSONAL NAME
Personal name Singh Sunjoy K
9 (RLIN) 82870
942 ## - ADDED ENTRY ELEMENTS (KOHA)
Source of classification or shelving scheme Dewey Decimal Classification
Item type English Books
Classification part 327.5105491
Call number suffix CHI
Holdings
Withdrawn status Lost status Not for loan Collection code Home library Current library Date acquired Source of acquisition Cost, normal purchase price Full call number Barcode Copy number Cost, replacement price Koha item type
      Non-fiction Sarojini Nagar Sarojini Nagar 09/07/2025 Delivery of Books Act Division 995.00 327.5105491 CHI EN-129437 1 995.00 English Books

© Delhi Public Library
Hit Counter
free hit counter